| 000 | 01564 a2200433 4500 | ||
|---|---|---|---|
| 001 | 57670 | ||
| 999 |
_c57670 _d5699 |
||
| 003 | TR-AnTOB | ||
| 005 | 20200611160824.0 | ||
| 008 | 110622m20022006enka b 001 0 d | ||
| 010 | _a2002283594 | ||
| 015 | _aGBA2-Z5876 | ||
| 020 | _a0471485535 | ||
| 035 | _a(OCoLC)ocm48754204 | ||
| 040 |
_aUKM _cUKM _dDLC |
||
| 041 | _aeng | ||
| 042 | _alccopycat | ||
| 050 |
_aTK6680.5 _b.R53 2006 |
||
| 090 | _aTK6680.5 .R53 2006 | ||
| 100 |
_aRichardson, Iain E. G. _929848 |
||
| 245 | 0 |
_aVideo codec design : _bdeveloping image and video compression systems / _cIain E.G. Richardson. |
|
| 264 | 1 |
_aChichester : _bWiley, _cc2006. |
|
| 300 |
_ax, 303 p. : _bill. ; _c26 cm. |
||
| 504 | _aIncludes bibliographical references (p. [295]) and index. | ||
| 650 | 0 |
_aVideo compression _96005 |
|
| 650 | 7 |
_aDijital video _xStandartlar _2etuturkob _929851 |
|
| 650 | 0 |
_aDigital video _xStandards _929854 |
|
| 650 | 7 |
_aVideo sıkıştırma _2etuturkob _930277 |
|
| 650 |
_aKodlama teorisi _930276 |
||
| 650 |
_aCoding theory _9427 |
||
| 856 |
_uhttp://www.loc.gov/catdir/description/wiley036/2002283594.html _3Publisher description |
||
| 857 |
_uhttp://www.loc.gov/catdir/toc/wiley023/2002283594.html _3Table of contents |
||
| 901 | _a0017834 | ||
| 902 | _aGT | ||
| 906 |
_a7 _bcbc _ccopycat _d2 _encip _f20 _gy-gencatlg |
||
| 925 |
_aacquire _b2 shelf copy _xpolicy default |
||
| 955 |
_djg12 2002-07-11 _ejg07 2002-07-11 to Dewey |
||
| 942 | _cBK | ||